|
|
|
|
| LEADER |
01439nam a2200349 a 4500 |
| 001 |
1147 |
| 003 |
BD-DhAAL |
| 005 |
20150523121127.0 |
| 008 |
150523s1998 enka b 001 0 eng |
| 010 |
|
|
|a 97007559
|
| 020 |
|
|
|a 052159314X
|
| 020 |
|
|
|a 0521596882 (pbk.)
|
| 040 |
|
|
|a DLC
|c DLC
|d DLC
|d BD-DhAAL
|
| 050 |
0 |
0 |
|a QC981.8.C5
|b J47 1998
|
| 082 |
0 |
0 |
|a 551.6
|2 21
|
| 100 |
1 |
|
|a Jepma, C. J.
|9 11324
|
| 245 |
1 |
0 |
|a Climate change policy :
|b facts, issues and analyses /
|c Catrinus J. Jepma, Mohan Munasinghe.
|
| 260 |
|
|
|a Cambridge ;
|a New York, NY, USA :
|b Cambridge University Press,
|c 1998.
|
| 300 |
|
|
|a xv, 331 p. :
|b ill. ;
|c 26 cm.
|
| 500 |
|
|
|a "Sponsored by the government of the Netherlands, cosponsored by the Stockholm Environment Institute and the Beijer Institute of Ecological Economics."
|
| 504 |
|
|
|a Includes bibliographical references and index.
|
| 541 |
|
|
|e 1147
|
| 650 |
|
0 |
|a Climatic changes.
|9 11325
|
| 650 |
|
0 |
|a Climatic changes
|x Decision making.
|9 11326
|
| 650 |
|
0 |
|a Greenhouse effect, Atmospheric.
|9 11327
|
| 700 |
1 |
|
|a Munasinghe, Mohan,
|d 1945-
|9 11328
|
| 710 |
2 |
|
|a Netherlands.
|9 10914
|
| 710 |
2 |
|
|a Stockholm Environment Institute.
|9 11329
|
| 710 |
2 |
|
|a Beijer International Institute of Ecological Economics.
|9 11330
|
| 942 |
|
|
|2 ddc
|c BK
|
| 999 |
|
|
|c 34494
|d 34494
|
| 952 |
|
|
|0 0
|1 0
|2 ddc
|4 0
|6 551_600000000000000_JEP
|7 0
|9 53839
|a SCL
|b SCL
|c GEN
|d 2015-05-23
|l 0
|o 551.6 JEP
|p 3020001147
|r 2015-05-23
|t 1
|w 2015-05-23
|y BK
|